Streamline Flow: An Introduction to the Mechanics of Viscous Flow, Film Lubrication, the Flow of Heat by Conduction , and Heat Transfer by Convection (Record no. 784)

000 -LEADER
fixed length control field 00506nam a2200145 4500
008 - FIXED-LENGTH DATA ELEMENTS--GENERAL INFORMATION
fixed length control field 191218b ||||| |||| 00| 0 eng d
082 00 - DEWEY DECIMAL CLASSIFICATION NUMBER
Classification number 629.1323
Item number P9854
100 ## - MAIN ENTRY--PERSONAL NAME
9 (RLIN) 183
Personal name Purday, H. F. P.
245 10 - TITLE STATEMENT
Title Streamline Flow: An Introduction to the Mechanics of Viscous Flow, Film Lubrication, the Flow of Heat by Conduction , and Heat Transfer by Convection
250 ## - EDITION STATEMENT
Edition statement 1st ed.
260 ## - PUBLICATION, DISTRIBUTION, ETC. (IMPRINT)
Place of publication, distribution, etc London
Name of publisher, distributor, etc Constable
Date of publication, distribution, etc 1949
300 ## - PHYSICAL DESCRIPTION
Extent viii, 185 p.
650 #0 - SUBJECT ADDED ENTRY--TOPICAL TERM
Topical term or geographic name as entry element Fluid Mechanics
942 ## - ADDED ENTRY ELEMENTS (KOHA)
Source of classification or shelving scheme
Item type Books
Holdings
Withdrawn status Lost status Source of classification or shelving scheme Damaged status Not for loan Permanent location Current location Date acquired Full call number Barcode Date last seen Koha item type
          IMU Kolkata IMU Kolkata 1952-10-10 629.1323 P9854 00276 2019-12-18 Books
Designed and Maintained by IMU-KC Library, Kolkata Campus © Copyright All Rights Reserved

webs counters

Powered by Koha